Statistics for Books to Authors #13

Click here to take the quiz!

General Stats

  • This quiz has been taken 88 times
  • The average score is 4 of 14

Answer Stats

BookAuthor% Correct
Diviné ComedyDante Alighieri
93%
The Importance of being EarnestOscar Wilde
76%
Midnight's ChildrenSalman Rushdie
60%
The StrangerAlbert Camus
52%
Absalom, Absalom!William Faulkner
36%
The DecameronGiovanni Boccaccio
21%
The Red and the BlackStendhal
18%
PersepolisMarjane Satrapi
12%
FingersmithSarah Waters
12%
The Good TerroristDoris Lessing
7%
Memoirs of a Dutiful DaughterSimone de Beauvoir
7%
Accordion CrimesAnnie Proulx
6%
Flight BehaviorBarbara Kingsolver
6%
Dance of the Happy ShadesAlice Munro
4%

Score Distribution

Percentile by Number Answered

Percent of People with Each Score

Your Score History

You have not taken this quiz